00546nam a22001697a 450000500170000001000150001702000260003203500140005803700130007208200150008524500600010026000580016027000630021830000260028150000500030770000190035720170824160002.0 aENG-120067 c995.00a9789386535054 aEN-103599 bDBAD/PUB a355.033054 aSouth Asian security dilemma /cedited by Arpit Bajpai  aNew Delhi bJawahar Publishers & Distributors, c2017 a46, Samachar Apartment, Mayur Vihar-I,bNew Delhi e110091 avii, 280pc22cm (pbk) aInclude bibliographical references and index  aBajpai ,Arpita